logo

Bir Sreshtho Munshi Abdur Rouf Library
Jhenaidah Cadet College

A new dictionary of music / (Record no. 3421)

MARC details
000 -LEADER
fixed length control field 00612nam a2200229 a 4500
001 - CONTROL NUMBER
JCCL Control Number 3421
003 - CONTROL NUMBER IDENTIFIER
JCCL marc code BD-JhCC
005 - DATE AND TIME OF LATEST TRANSACTION
control field 20171113190524.0
008 - FIXED-LENGTH DATA ELEMENTS--GENERAL INFORMATION
fixed length control field 500101s1958 enk d 000 0 eng d
035 ## - SYSTEM CONTROL NUMBER
system control number (BD-JhCC)3421
040 ## - CATALOGING SOURCE
Modifying agency BD-JhCC
Original cataloging agency BD-JhCC
041 ## - LANGUAGE CODE
Language code of Book eng
082 ## - DEWEY DECIMAL CLASSIFICATION NUMBER
Classification number 780.3
Author mark and Year JAC 1958
100 1# - MAIN ENTRY--PERSONAL NAME
Personal name Jacobs, Arthur.
245 12 - TITLE STATEMENT
Title A new dictionary of music /
Statement of responsibility, etc by Arthur Jacobs.
260 ## - PUBLICATION, DISTRIBUTION, ETC. (IMPRINT)
Place of publication, distribution, etc Harmondsworth, Middlesex :
Name of publisher, distributor, etc Penguin Books,
Date of publication, distribution, etc c 1958
300 ## - PHYSICAL DESCRIPTION
Pagination 416 p. :
Dimensions 18 cm.
490 1# - SERIES STATEMENT
Series statement Penguin reference books ;
Volume number/sequential designation R 12
650 #0 - SUBJECT ADDED ENTRY--TOPICAL TERM
Topical term or geographic name as entry element Music
Form subdivision Dictionaries
942 ## - ADDED ENTRY ELEMENTS (KOHA)
Source of classification or shelving scheme Dewey Decimal Classification
Koha item type Books
Holdings
Source of classification or shelving scheme Damaged status Not for loan Home library Current library Shelving location Date of accession Total Checkouts Full call number Barcode Date last seen Copy number Koha item type
Dewey Decimal Classification   Not For Loan JCC Rouf Library JCC Rouf Library General Stacks 11/13/2017   780.3 JAC 1958 5174 11/13/2017 C-1 Books

JCC Library | Contacts | JCC Home

Last Update on 23 September 2017
Copyright @ 2017-2020 JCC Rouf Library
Rouf Library, Jhenidah Cadet College (JCC), Bangladesh